Obálka Náhled e-knihy:
PDF Epub
Pro půjčování e-knih musíte být přihlášeni.
Jak si půjčit online?

Letní slunovrat /

Detektivní román zkušené české autorky, zasazený do zdánlivě idylické jihočeské krajiny.

Uloženo v:
Série:Případy Terezy Fabiánové, část 1
Hlavní autor: Klevisová, Michaela, 1976- (Autor)
Médium: E-kniha
Jazyk:Czech
Vydáno: V Praze : Motto, 2025
Vydání:1. vydání
Témata:
Příbuzné jednotky:Z cyklu:: Případy Terezy Fabiánové
Tagy:
Žádné tagy
LEADER 02234nam a2200409 i 4500
001 312659
003 CZ PrSKC
005 20260601215726.0
007 ta
008 250327s2025 xr g 000 f cze
015 |a cnb003678633 
020 |a 9788026727798  |q (vázáno) :  |c Kč 469,00 
035 |a (OCoLC)1519101254 
040 |a ABG001  |b cze  |e rda 
072 7 |a 821.162.3-3  |x Česká próza  |2 Konspekt 
080 |a 821.162.3-31  |2 MRF 
080 |a (0:82-312.4)  |2 MRF 
100 1 |a Klevisová, Michaela,  |d 1976-  |7 xx0065727  |4 aut 
245 1 0 |a Letní slunovrat /  |c Michaela Klevisová 
250 |a 1. vydání 
264 1 |a V Praze :  |b Motto,  |c 2025 
300 |a 376 stran ;  |c 22 cm 
336 |a text  |b txt  |2 rdacontent 
337 |a bez média  |b n  |2 rdamedia 
338 |a svazek  |b nc  |2 rdacarrier 
520 2 |a Detektivní román zkušené české autorky, zasazený do zdánlivě idylické jihočeské krajiny.  |b Mladý pár najde v zapadlé jihočeské vesnici nový domov. Zdánlivou idylu však Kamile a Filipovi po letním slunovratu naruší vražda. Souvisí s neštěstím, ke kterému v místech opředených legendami o tajemných rituálech došlo před mnoha lety? Skrývají se ve staré chalupě po Kamiliných příbuzných odpovědi na otázky, které se místní lidé bojí vyslovit nahlas? Když jindřichohradecká vyšetřovatelka Tereza Fabiánová začne rozkrývat zamotaný případ, vyplouvají na povrch staré křivdy. Nakladatelská anotace. 
655 7 |a české romány  |7 fd133974  |2 czenas 
655 7 |a detektivní romány  |7 fd132010  |2 czenas 
655 9 |a Czech fiction  |2 eczenas 
655 9 |a detective novels  |2 eczenas 
787 0 8 |i Z cyklu:  |t Případy Terezy Fabiánové  |g 1 
900 |a ABA001  |b 20 
928 9 |a Albatros Media - Motto 
044 |a xr 
910 |a RBIT002 
998 |d 417666  |a https://core.palmknihy.cz/api/books/417666/cover?swpwtp  |b https://core.palmknihy.cz/api/books/417666/cover/400?swpwtp  |c https://core.palmknihy.cz/api/books/417666/cover/50?swpwtp  |e 2034-12-31  |g 384  |i 9788026727798  |j https://core.palmknihy.cz/api/books/417666/preview.epub  |k https://core.palmknihy.cz/api/books/417666/preview.pdf  |l   |q 49  |r 1  |s https://www.palmknihy.cz/kniha/417666  |t ebook  |y 2025  |z 0 
999 |d 312657